000 00914nam a22002777a 4500
003 OSt
005 20260120073951.0
007 ta
008 100812s2020 dr 000 0 spa d
020 _a9789945804195
040 _aDO-SdBNP
_bspa
_cBNPHU
082 4 _222
_a243
_bA696m 2020
100 _aArias de Solimán, Addys
_933511
245 1 0 _aMujeres a todo terreno :
_b4x4 /
_cAddys Arias de Solimán ; prólogo Charolis Feliz M.
250 _a2a. ed.
260 _aSanto Domingo :
_aBúho,
_c2020.
300 _a145 p. ;
_c22 cm.
500 _aIncluye datos biográficos del autor en la contracubierta
590 _aInventariado, 2020 /YL
650 0 _aVida espiritual
_9268
650 4 _aMujeres
_xAspectos sociales
_961868
650 4 _aEducación para vida familiar
_978330
700 1 2 _aFeliz M., Charolis,
_epról.
_977130
910 _aLopérez. Validado. Control de calidad MFF
942 _2ddc
_cLBS1
999 _c49042
_d49042